| 000 | 00000nam 2200000zi 4500 |
| 001 | 9.872701 |
| 003 | CaOODSP |
| 005 | 20241203113648 |
| 006 | m o d f |
| 007 | cr bn||||||||| |
| 008 | 190509s1998 onc ob f000 0 eng d |
| 040 | |aCaOODSP|beng|erda|cCaOODSP |
| 041 | |aeng|bfre |
| 086 | 1 |aEn13-5/98-22E-PDF |
| 100 | 1 |aYang, F., |eauthor. |
| 245 | 10|aSolid phase extraction of butyltin compounds in aqueous samples following derivatization in situ with sodium tetraethylborate / |cF. Yang, X.C. Fang, M. Alaee, Y.K. Chau, National Water Research institute, Environment Canada, Canada Centre for Inland Waters. |
| 264 | 1|aBurlington, Ontario : |bNational Water Research Institute = Institut national de recherche sur les eaux, |c[1998] |
| 300 | |a1 online resource (10 unnumbered pages). |
| 336 | |atext|btxt|2rdacontent |
| 337 | |acomputer|bc|2rdamedia |
| 338 | |aonline resource|bcr|2rdacarrier |
| 490 | 1 |aNWRI contribution ; |vno. 98-022 |
| 500 | |aDigitized edition from print [produced by Environment and Climate Change Canada]. |
| 504 | |aIncludes bibliographical references. |
| 520 | 3 |a"The application of the solid phase extraction (SPE) technique for the pre-concentration of butyltin compounds from aqueous samples is described. The butyltin compounds in water were derivatized in situ with sodium tetraethylborate (NaBEt₄), and extracted by C₁₈ Empore disks. After elution of the disks with a small amount of hexane, the various butyltin species were determined by gas chromatography-atomic emission detection. The high sensitivity and selectivity of the GC-AED system combined with efficient SPE method provided a simple and high quality analytical procedure for the determination of butyltin compounds in aqueous samples. The recoveries of butyltin compounds and tripropyltin (as internal standard) in spiked water were tested under different experimental conditions. The relative detection limit of butyltin compounds in 0.5 L water sample is 1.0 ng Sn/L and recoveries ranged from 78.8 - 92.8%"--Abstract. |
| 546 | |aIncludes management perspective and abstract in French. |
| 692 | 07|2gccst|aPollutants |
| 692 | 07|2gccst|aChemistry |
| 700 | 1 |aFang, X. C., |eauthor. |
| 700 | 1 |aAlaee, Mehran, |d1958- |eauthor. |
| 700 | 1 |aChau, Y. K., |eauthor. |
| 710 | 1 |aCanada. |bEnvironment Canada. |
| 710 | 2 |aNational Water Research Institute (Canada) |
| 830 | #0|aNWRI contribution ;|vno. 98-022.|w(CaOODSP)9.844121 |
| 856 | 40|qPDF|s701 KB|uhttps://publications.gc.ca/collections/collection_2019/eccc/en13-5/En13-5-98-22-eng.pdf |